000 01422nam0a2200349 4500
001 RU\NLR\bibl\1487701
005 20260406082450.0
010 _a978-5-9565-0173-3
_97000
021 _aRU
_b2010-6158
_9396
035 _a(NLR Aleph) 001479300
090 _a1693253
_c1693253
100 _a20100205d2010 |||y0rusy50 ca
101 1 _arus
_ceng
102 _aRU
105 _ay |||||||||
200 1 _aОтступник
_e[роман]
_fРоберт Сальваторе
_g[пер. с англ. А. Костровой и др.]
210 _aСанкт-Петербург
_cФантастика СПб
_d2010
215 _a347, [2] с.
_d18
225 1 _aЗабытые королевства
_dForgotten realms
_zeng
225 1 _aВсемирный бестселлер
300 _aЗагл. обл.: Темный эльф. Отступник
320 _aДр. произведения авт. на 2-й с.
512 1 _6z45790
_aТемный эльф. Отступник
686 _aШ6(7США)67-445{Лх1979-62}
700 1 _4070
_8rus
_7ca
_aСальваторе
_bР. А.
_f1959-
_gРоберт А.
_3RU\NLR\auth\7747732
_930667
790 1 _4070
_8rus
_7ca
_aСальваторе
_bР. А.
_f1959-
_gРоберт А.
_3RU\NLR\auth\7747732
_930667
801 0 _aRU
_bRuMoRGB
_c20100205
_grcr
801 1 _aRU
_bRuMoRGB
_c20100205
801 2 _aRU
_bNLR
_c20100322
_grcr
942 _cBOOK
980 _aNB